书目信息 |
| 题名: |
日本教育
|
|
| 作者: | 陈永明 编著 | |
| 分册: | ||
| 出版信息: | 北京 高等教育出版社 2003.04 |
|
| 页数: | 395页 | |
| 开本: | 20cm | |
| 丛书名: | ||
| 单 册: | ||
| 中图分类: | G531.3 | |
| 科图分类: | ||
| 主题词: | 教育事业--世界 | |
| 电子资源: | ||
| ISBN: | 7-04-012146-8 | |
| 000 | 00673nam0 2200217 450 | |
| 001 | 0535822030 | |
| 005 | 20050330095930.48 | |
| 010 | @a7-04-012146-8@dCNY 21.40 | |
| 100 | @a20050330d2003 km y0chiy0120 ea | |
| 101 | 0 | @achi |
| 102 | @aCN@b110000 | |
| 200 | 1 | @a日本教育@Ari ben jiao yu@e中日教育比较与展望@f陈永明编著@Fchen yong ming bian zhu |
| 210 | @a北京@c高等教育出版社@d2003.04 | |
| 215 | @a395页@d20cm | |
| 300 | @a日本学基础精选丛书 | |
| 517 | 1 | @a中日教育比较与展望@Azhong ri jiao yu bi jiao yu zhan wang |
| 606 | 0 | @a教育事业@x世界 |
| 690 | @aG531.3@v3 | |
| 701 | 0 | @a陈永明@Achen yong ming@4编著 |
| 801 | 0 | @aCN@bPFT@c20050330 |
| 905 | @a10447@dG531.3@eC624 | |
| 日本教育:中日教育比较与展望/陈永明编著.-北京:高等教育出版社,2003.04 |
| 395页;20cm |
| 日本学基础精选丛书 |
| ISBN 7-04-012146-8:CNY 21.40 |
| ● |
| 相关链接 |
|
|
|
正题名:日本教育
索取号:G531.3/C624
 
预约/预借
| 序号 | 登录号 | 条形码 | 馆藏地/架位号 | 状态 | 备注 |
| 1 | 439982 | 204399828 | 社科库409/409社科库 6排1列2层/ [索取号:G531.3/C624] | 在馆 | |
| 2 | 439983 | 204399837 | 社科库409/409社科库 6排1列2层/ [索取号:G531.3/C624] | 在馆 | |
| 3 | 439984 | 204399846 | 社科库409/409社科库 6排1列2层/ [索取号:G531.3/C624] | 在馆 |